Marketingový plán
Definovanie základných časti marketingového plánu a vypracovanie marketingového plánu spoločnosti Beky, s.r.o. spolu so stanovením prínosov pre podnik.
Gespeichert in:
| 1. Verfasser: | |
|---|---|
| Format: | Buchkapitel |
| Sprache: | Slowakisch |
| Schlagworte: | |
| Tags: |
Keine Tags, Fügen Sie das erste Tag hinzu!
|
MARC
| LEADER | 00000nla a2200000 4500 | ||
|---|---|---|---|
| 001 | 0239044 | ||
| 005 | 20240417075131.0 | ||
| 041 | 0 | |a slo | |
| 044 | |a SK | ||
| 245 | 1 | 0 | |a Marketingový plán |
| 520 | |a Definovanie základných časti marketingového plánu a vypracovanie marketingového plánu spoločnosti Beky, s.r.o. spolu so stanovením prínosov pre podnik. | ||
| 610 | 2 | 0 | |a plán marketingový |
| 610 | 2 | 0 | |a podnik |
| 610 | 2 | 0 | |a riadenie podnikové |
| 610 | 2 | 0 | |a stratégia marketingová |
| 610 | 2 | 0 | |a plánovanie podnikové |
| 100 | 1 | |a Vokuličová, Veronika | |